[Event "ITA-ch U20"]
[Site "Tarvisio"]
[Date "2023.07.09"]
[Round "9"]
[White "Brugnoni, Lorenzo"]
[Black "Peloni, Davide"]
[Result "1-0"]
[WhiteElo "1824"]
[BlackElo "1930"]
[PlyCount "103"]
[EventDate "2023.07.02"]
[EventType "swiss"]
[EventRounds "9"]
[EventCountry "ITA"]
[SourceTitle "EXT 2024"]
[Source "ChessBase"]
[SourceDate "2023.10.10"]
[SourceVersion "1"]
[SourceVersionDate "2023.10.10"]
[SourceQuality "1"]

1. d4 Nf6 2. Bg5 c5 3. Bxf6 gxf6 4. dxc5 Nc6 5. c3 b6 6. cxb6 Qxb6 7. Qb3 Qc7 8. e3 Rb8 9. Qc2 f5 10. Nd2 Bg7 11. Ngf3 d5 12. Be2 e5 13. Rc1 0-0 14. 0-0 f4 15. exf4 e4 16. Ne1 Qxf4 17. g3 Qg5 18. Ng2 Bf5 19. Nb3 Rfc8 20. Ne3 Bh3 21. Rfd1 d4 22. cxd4 Nxd4 23. Qd2 Rxc1 24. Rxc1 Rd8 25. Nxd4 Bxd4 26. Rd1 Qf6 27. b3 Qb6 28. Bf1 Bxf1 29. Kxf1 f5 30. Qe2 Kh8 31. Nxf5 e3 32. Rxd4 Rxd4 33. Nxd4 Qxd4 34. fxe3 Qe4 35. Kg1 Kg7 36. Qd2 Qb1+ 37. Kf2 Qf5+ 38. Ke1 Qb1+ 39. Ke2 Qh1 40. Kd3 Qd5+ 41. Kc2 Qf5+ 42. Kb2 Kf7 43. a4 a5 44. e4 Qf6+ 45. Ka2 Qb6 46. e5 Ke8 47. Qe2 Ke7 48. Qd2 Ke8 49. g4 h6 50. h4 Qc7 51. e6 Kf8 52. Qf2+ 1-0